[Event "Oberliga Nord O 1920"]
[Site "Germany"]
[Date "2019.09.29"]
[Round "1.2"]
[White "Waldmann, Hans Joachim"]
[Black "Thinius, Marco"]
[Result "0-1"]
[WhiteElo "2280"]
[BlackElo "2395"]
[PlyCount "110"]
[EventDate "2019.09.29"]
[EventType "team-tourn"]
[EventRounds "9"]
[EventCountry "GER"]
[SourceTitle "CBM 195 Extra"]
[Source "ChessBase"]
[SourceDate "2020.05.31"]
[SourceVersion "1"]
[SourceVersionDate "2020.05.31"]
[SourceQuality "1"]

1. d4 Nf6 2. c4 e6 3. Nc3 Bb4 4. e3 b6 5. Bd3 Bb7 6. Nf3 0-0 7. Bd2 d5 8. cxd5 exd5 9. 0-0 Nbd7 10. Ne5 Nxe5 11. dxe5 Nd7 12. f4 Nc5 13. Bc2 d4 14. Na4 Bxd2 15. Qxd2 dxe3 16. Qxe3 Qd5 17. Rf2 Nxa4 18. Bxa4 Rad8 19. Bb3 Qd4 20. Re1 Qxe3 21. Rxe3 Bd5 22. Bc2 Rfe8 23. a3 f6 24. Rd2 fxe5 25. fxe5 Be6 26. Red3 Rxd3 27. Rxd3 g6 28. Kf2 Bf5 29. Bb3+ Kf8 30. Re3 Rd8 31. h3 h5 32. Kf3 Rd4 33. Ba2 c5 34. Re1 Ke7 35. Ke3 h4 36. Re2 g5 37. Kf2 Rf4+ 38. Ke3 Re4+ 39. Kf2 Rxe2+ 40. Kxe2 Be6 41. Bb1 Bd5 42. Bf5 Bxg2 43. Ke3 Bd5 44. Bg4 Be6 45. Kf3 Bd5+ 46. Ke3 a5 47. Kf2 b5 48. Ke3 b4 49. Kf2 Be6 50. Kf3 c4 51. axb4 axb4 52. Bxe6 Kxe6 53. Ke4 c3 54. bxc3 bxc3 55. Kd3 g4 0-1

[Event "Oberliga Nord O 1819"]
[Site "Germany"]
[Date "2019.01.20"]
[Round "5.2"]
[White "Waldmann, Hans Joachim"]
[Black "Hansch, Karsten"]
[Result "0-1"]
[WhiteElo "2286"]
[BlackElo "2262"]
[PlyCount "96"]
[EventDate "2018.10.21"]
[EventType "team-tourn"]
[EventRounds "9"]
[EventCountry "GER"]
[SourceTitle "EXT 2020"]
[Source "ChessBase"]
[SourceDate "2019.10.17"]
[SourceVersion "1"]
[SourceVersionDate "2019.10.17"]
[SourceQuality "1"]
[WhiteTeam "Berlin Weisse Dame"]
[BlackTeam "Potsdam Empor"]
[WhiteTeamCountry "GER"]
[BlackTeamCountry "GER"]

1. c4 Nf6 2. Nc3 g6 3. g3 Bg7 4. Bg2 0-0 5. Nf3 d6 6. 0-0 Nc6 7. Rb1 a5 8. a3 Bg4 9. b4 axb4 10. axb4 Qc8 11. b5 Bxf3 12. Bxf3 Ne5 13. d3 Nxf3+ 14. exf3 c6 15. Re1 Re8 16. Kg2 d5 17. Qb3 Qf5 18. Nd1 d4 19. Ba3 c5 20. b6 Nd7 21. Nb2 Ra5 22. Ra1 e6 23. Re4 Rea8 24. Nd1 Qf6 25. Re2 Qd8 26. Rb2 R8a6 27. f4 Qa8 28. Rba2 Nb8 29. f3 Nc6 30. Nf2 Bf8 31. Ne4 Nb4 32. h4 Nxa2 33. Bb2 Nb4 34. Rh1 Ra2 35. Kh3 Be7 36. h5 R6a3 37. Bxa3 Qxa3 38. Rb1 Qxb3 39. Rxb3 f5 40. Ng5 Bxg5 41. fxg5 gxh5 42. g6 hxg6 43. Kh4 Kf7 44. Kg5 e5 45. g4 hxg4 46. fxg4 Rg2 47. Kh6 Rxg4 48. Ra3 Rh4+ 0-1

[Event "Oberliga Nord O 1819"]
[Site "Germany"]
[Date "2018.12.16"]
[Round "4.2"]
[White "Krefenstein, Sergej"]
[Black "Waldmann, Hans Joachim"]
[Result "0-1"]
[WhiteElo "2116"]
[BlackElo "2286"]
[PlyCount "76"]
[EventDate "2018.10.21"]
[EventType "team-tourn"]
[EventRounds "9"]
[EventCountry "GER"]
[SourceTitle "EXT 2020"]
[Source "ChessBase"]
[SourceDate "2019.10.17"]
[SourceVersion "1"]
[SourceVersionDate "2019.10.17"]
[SourceQuality "1"]
[WhiteTeam "Berlin Makkabi"]
[BlackTeam "Berlin Weisse Dame"]
[WhiteTeamCountry "GER"]
[BlackTeamCountry "GER"]

1. d4 Nf6 2. Nf3 d6 3. h3 c6 4. c4 Nbd7 5. Bf4 g6 6. e3 Bg7 7. Be2 Qa5+ 8. Qd2 Qxd2+ 9. Nbxd2 0-0 10. 0-0 a5 11. Bh2 b6 12. Rfe1 Re8 13. Rad1 Bb7 14. Nb1 Ne4 15. Bd3 Ndf6 16. Nc3 Nxc3 17. bxc3 Ba6 18. Re2 Nd7 19. Rb2 Rec8 20. Rb3 c5 21. Nd2 d5 22. Bf1 cxd4 23. exd4 dxc4 24. Rbb1 b5 25. Re1 Nb6 26. Rxe7 Nd5 27. Rd7 Nxc3 28. Re1 Rd8 29. Ree7 Rxd7 30. Rxd7 Nxa2 31. Ne4 c3 32. Bd3 Nb4 33. Be2 c2 34. Bf4 Re8 35. Nd6 Rxe2 36. Rd8+ Bf8 37. Kf1 Re6 38. Ne8 Nd3 0-1

[Event "Oberliga Nord O 1819"]
[Site "Germany"]
[Date "2018.10.21"]
[Round "1.2"]
[White "Foerster, Jonas"]
[Black "Waldmann, Hans Joachim"]
[Result "0-1"]
[WhiteElo "2273"]
[BlackElo "2286"]
[PlyCount "80"]
[EventDate "2018.10.21"]
[EventType "team-tourn"]
[EventRounds "9"]
[EventCountry "GER"]
[SourceTitle "EXT 2020"]
[Source "ChessBase"]
[SourceDate "2019.10.17"]
[SourceVersion "1"]
[SourceVersionDate "2019.10.17"]
[SourceQuality "1"]
[WhiteTeam "Berlin Empor"]
[BlackTeam "Berlin Weisse Dame"]
[WhiteTeamCountry "GER"]
[BlackTeamCountry "GER"]

1. d4 e6 2. c4 Nf6 3. Nf3 d5 4. Nc3 Bb4 5. Bg5 h6 6. Bxf6 Qxf6 7. e3 0-0 8. Qc2 c5 9. a3 Ba5 10. dxc5 Bxc3+ 11. Qxc3 Qxc3+ 12. bxc3 dxc4 13. Bxc4 Nd7 14. c6 bxc6 15. 0-0 Nb6 16. Be2 c5 17. a4 Nd5 18. Rfc1 f6 19. Nd2 Bd7 20. Ne4 Rac8 21. Nd6 Rb8 22. e4 Nb6 23. a5 Na4 24. Bc4 Rfd8 25. a6 Nb6 26. Ba2 Kf8 27. f4 Bc6 28. e5 g5 29. fxg5 fxe5 30. Rf1+ Ke7 31. Rf7+ Kxd6 32. Rd1+ Nd5 33. c4 Rb2 34. cxd5 exd5 35. Bb1 hxg5 36. Rdf1 Re8 37. Bg6 d4 38. R1f2 Rxf2 39. Kxf2 Re7 40. Rf5 e4 0-1

[Event "Oberliga Nord O 1718"]
[Site "Germany"]
[Date "2018.04.15"]
[Round "9.1"]
[White "Berger, Steve"]
[Black "Waldmann, Hans Joachim"]
[Result "1/2-1/2"]
[WhiteElo "2432"]
[BlackElo "2290"]
[PlyCount "205"]
[EventDate "2017.10.08"]
[EventType "team-tourn"]
[EventRounds "9"]
[EventCountry "GER"]
[SourceTitle "EXT 2019"]
[Source "ChessBase"]
[SourceDate "2018.10.10"]
[SourceVersion "1"]
[SourceVersionDate "2018.10.10"]
[SourceQuality "1"]
[WhiteTeam "Berlin Tegel II"]
[BlackTeam "Berlin Weisse Dame"]
[WhiteTeamCountry "GER"]
[BlackTeamCountry "GER"]

1. e4 c5 2. Nc3 d6 3. f4 a6 4. Nf3 Nf6 5. e5 dxe5 6. fxe5 Nd5 7. Ne4 e6 8. c3 Nc6 9. d3 Be7 10. g3 0-0 11. Bg2 b5 12. 0-0 Ra7 13. Qe2 Rd7 14. Bg5 Qc7 15. Bxe7 Ncxe7 16. Qf2 c4 17. d4 Nf5 18. Rae1 b4 19. g4 Nfe7 20. Nfg5 Ng6 21. Nc5 Rdd8 22. Be4 Qe7 23. h4 h6 24. Nf3 bxc3 25. h5 Ngf4 26. Kh2 cxb2 27. Qxb2 f6 28. Bb1 fxe5 29. Qc2 g6 30. Rxe5 gxh5 31. g5 Rf5 32. Rfe1 Rdf8 33. Rxf5 Rxf5 34. Qxc4 Rf8 35. Re5 Kh8 36. Qc2 Rg8 37. Qe4 hxg5 38. Rxg5 Rxg5 39. Nxg5 Qc7 40. Qe5+ Qxe5 41. dxe5 Nc3 42. Bc2 Kg7 43. Kg3 Nfe2+ 44. Kh4 Nxa2 45. Ncxe6+ Bxe6 46. Nxe6+ Kf7 47. Bb3 Nec1 48. Bc4 Nb4 49. Kg5 Ke7 50. Nd4 Ncd3 51. Nf5+ Ke8 52. Kf6 Nxe5 53. Kxe5 Kd7 54. Bf7 Kc6 55. Kd4 Kb6 56. Bxh5 Nc6+ 57. Kc4 Ne5+ 58. Kd5 Nc6 59. Be8 Nb4+ 60. Kc4 Nc6 61. Ne3 Na7 62. Kb4 Nc6+ 63. Kc4 Na7 64. Kd5 Nb5 65. Nc4+ Kb7 66. Kc5 Kc7 67. Bc6 Nd4 68. Bd5 Nb5 69. Bf3 Kd7 70. Kb6 Nd6 71. Na5 Ke6 72. Kxa6 Ke5 73. Kb6 Nf5 74. Kc5 Ng7 75. Nc4+ Kf4 76. Bc6 Nf5 77. Bd7 Ne3 78. Nb2 Ke4 79. Bc6+ Ke5 80. Nd3+ Kf5 81. Kd4 Nc2+ 82. Kc4 Ne3+ 83. Kc5 Nc2 84. Bb7 Ne3 85. Bc6 Nc2 86. Ba4 Ne3 87. Kd4 Nf1 88. Bd7+ Kf6 89. Nb4 Kg5 90. Ke5 Nh2 91. Nd5 Ng4+ 92. Ke6 Nf2 93. Bb5 Ng4 94. Bd3 Nf2 95. Bf5 Ng4 96. Bc2 Nf2 97. Nb6 Kf4 98. Kd5 Kg5 99. Kd4 Ng4 100. Nd7 Kf4 101. Nf8 Kg5 102. Nh7+ Kf4 103. Nf8 1/2-1/2

[Event "Oberliga Nord O 1718"]
[Site "Germany"]
[Date "2018.03.18"]
[Round "8.1"]
[White "Waldmann, Hans Joachim"]
[Black "Sawlin, Leonid"]
[Result "0-1"]
[WhiteElo "2290"]
[BlackElo "2359"]
[PlyCount "124"]
[EventDate "2017.10.08"]
[EventType "team-tourn"]
[EventRounds "9"]
[EventCountry "GER"]
[SourceTitle "EXT 2019"]
[Source "ChessBase"]
[SourceDate "2018.10.10"]
[SourceVersion "1"]
[SourceVersionDate "2018.10.10"]
[SourceQuality "1"]
[WhiteTeam "Berlin Weisse Dame"]
[BlackTeam "Berlin Makkabi"]
[WhiteTeamCountry "GER"]
[BlackTeamCountry "GER"]

1. d4 Nf6 2. c4 e6 3. Nc3 d5 4. Bg5 Be7 5. e3 c6 6. Nf3 Nbd7 7. Qc2 0-0 8. Rd1 Re8 9. Be2 Nf8 10. 0-0 b6 11. Ne5 Bb7 12. Bf3 N6d7 13. Bxe7 Qxe7 14. Nxd7 Nxd7 15. b3 Rac8 16. e4 dxc4 17. bxc4 e5 18. Bg4 Rc7 19. Bxd7 Qxd7 20. dxe5 Qe6 21. Ne2 Qxe5 22. Ng3 Bc8 23. Rfe1 h5 24. Re3 Bg4 25. f3 Qc5 26. Qf2 Rd7 27. Rxd7 Bxd7 28. Rc3 Re5 29. Nf1 Be6 30. Nd2 Qd6 31. Nb3 f5 32. Qd4 Qc7 33. exf5 c5 34. Qf2 Qd6 35. Nd2 Bxf5 36. Re3 Qe7 37. Nf1 Bg6 38. Qd2 Bf7 39. Rxe5 Qxe5 40. Ne3 Qd4 41. Qe2 h4 42. Kf1 a6 43. Ke1 b5 44. cxb5 axb5 45. a3 c4 46. Qd2 Qa1+ 47. Kf2 Qxa3 48. Qd8+ Qf8 49. Qxh4 Qd6 50. Qg5 Qd2+ 51. Kg3 b4 52. Qc5 Qe1+ 53. Kg4 b3 54. Kg5 g6 55. Qd4 Qa5+ 56. Kf6 c3 57. Ng4 Qf5+ 58. Ke7 Qe6+ 59. Kd8 Qd5+ 60. Qxd5 Bxd5 61. Nf6+ Kf7 62. Nxd5 c2 0-1

[Event "Oberliga Nord O 1718"]
[Site "Germany"]
[Date "2018.01.21"]
[Round "5.1"]
[White "Mueller, Nick"]
[Black "Waldmann, Hans Joachim"]
[Result "1-0"]
[WhiteElo "2310"]
[BlackElo "2290"]
[PlyCount "89"]
[EventDate "2017.10.08"]
[EventType "team-tourn"]
[EventRounds "9"]
[EventCountry "GER"]
[SourceTitle "EXT 2019"]
[Source "ChessBase"]
[SourceDate "2018.10.10"]
[SourceVersion "1"]
[SourceVersionDate "2018.10.10"]
[SourceQuality "1"]
[WhiteTeam "Greifswald"]
[BlackTeam "Berlin Weisse Dame"]
[WhiteTeamCountry "GER"]
[BlackTeamCountry "GER"]

1. e4 Nf6 2. e5 Nd5 3. d4 d6 4. Nf3 c6 5. Be2 g6 6. 0-0 Bg7 7. c4 Nc7 8. exd6 Qxd6 9. Nc3 Bg4 10. Ne4 Qd8 11. Be3 0-0 12. h3 Bf5 13. Ng3 Bc8 14. Qd2 Nd7 15. Rad1 Nf6 16. Rfe1 b6 17. Ne5 Bb7 18. Bf3 Qe8 19. Qb4 Na6 20. Qa3 Nb8 21. Bf4 e6 22. Qd6 Qc8 23. Qe7 Nfd7 24. Ne4 Qd8 25. Qa3 Nf6 26. Bg5 h6 27. Nxf6+ Bxf6 28. Bxh6 Re8 29. Qe3 Qe7 30. Qf4 a5 31. Ng4 Bh8 32. Bg5 Qf8 33. Nh6+ Kg7 34. Nf5+ Kg8 35. Nd6 Bc8 36. Nxe8 Qxe8 37. Bf6 Bxf6 38. Qxf6 Ra7 39. Qf4 Na6 40. h4 Qe7 41. Bxc6 Nb4 42. d5 Nxc6 43. dxc6 Qc7 44. Qf6 Kh7 45. Rd8 1-0

[Event "Berlin-ch MT"]
[Site "Berlin"]
[Date "2016.03.31"]
[Round "6"]
[White "Waldmann, Hans Joachim"]
[Black "Von Herman, Ulf"]
[Result "1/2-1/2"]
[WhiteElo "2294"]
[BlackElo "2357"]
[PlyCount "72"]
[EventDate "2016.03.26"]
[EventType "swiss"]
[EventRounds "9"]
[EventCountry "GER"]
[SourceTitle "EXT 2022"]
[Source "ChessBase"]
[SourceDate "2021.10.06"]
[SourceVersion "1"]
[SourceVersionDate "2021.10.06"]
[SourceQuality "1"]

1. d4 Nf6 2. c3 d6 3. Nd2 Bf5 4. Qb3 Qc8 5. g3 e6 6. Bg2 d5 7. Ngf3 h6 8. Ne5 c5 9. 0-0 Nc6 10. Nxc6 bxc6 11. Qa4 Qb7 12. dxc5 Bxc5 13. e4 Nxe4 14. Nxe4 Bxe4 15. Bxe4 dxe4 16. Qxe4 0-0 17. b4 Be7 18. Rb1 Qa6 19. a3 Qa4 20. c4 Bf6 21. Qf3 Rfd8 22. Qb3 Qxb3 23. Rxb3 Rd4 24. Rc3 a5 25. Rc2 a4 26. Bb2 Rd3 27. Bxf6 gxf6 28. Ra1 Kf8 29. Re2 Rc3 30. Re4 Rd8 31. Rh4 Ke7 32. c5 Kf8 33. Rxh6 Kg7 34. Rh4 Rdd3 35. Rg4+ Kf8 36. Rh4 Kg7 1/2-1/2

[Event "Berlin-ch MT"]
[Site "Berlin"]
[Date "2016.03.30"]
[Round "5"]
[White "Krefenstein, Sergej"]
[Black "Waldmann, Hans Joachim"]
[Result "1/2-1/2"]
[WhiteElo "2160"]
[BlackElo "2294"]
[PlyCount "274"]
[EventDate "2016.03.26"]
[EventType "swiss"]
[EventRounds "9"]
[EventCountry "GER"]
[SourceTitle "EXT 2022"]
[Source "ChessBase"]
[SourceDate "2021.10.06"]
[SourceVersion "1"]
[SourceVersionDate "2021.10.06"]
[SourceQuality "1"]

1. Nf3 d6 2. e4 e5 3. Bc4 Be7 4. c3 Nf6 5. d3 0-0 6. 0-0 c6 7. Bb3 Nbd7 8. Re1 Qc7 9. Nbd2 Nc5 10. Bc2 Re8 11. Nf1 Bf8 12. Bg5 Nfd7 13. Ng3 Ne6 14. Be3 g6 15. Qd2 Nf6 16. h3 b6 17. Nh2 d5 18. exd5 cxd5 19. Nf3 Nd7 20. d4 e4 21. Ng5 Ba6 22. Bb3 Nf6 23. Nxe6 fxe6 24. Bf4 Qf7 25. Qe3 Rac8 26. f3 exf3 27. Qxf3 Bb5 28. Re3 Bd7 29. Rf1 Be7 30. Bh6 b5 31. Qf4 a5 32. Ref3 Rf8 33. Bxf8 Rxf8 34. Qc7 Bd8 35. Qe5 Bc8 36. Qg5 Qg7 37. Bc2 Bd7 38. h4 Be8 39. Qe5 Qe7 40. Qg5 Qg7 41. Ne2 Be7 42. Qe5 Bd7 43. Nf4 Ng4 44. Qc7 Rd8 45. Rg3 e5 46. Nxd5 Bxh4 47. Bb3 Kh8 48. Rh3 Bg5 49. dxe5 Qxe5 50. Qxe5+ Nxe5 51. Rg3 Ng4 52. Nf4 Re8 53. Bd1 h5 54. Nxg6+ Kg7 55. Nf4 Kh6 56. Rh3 h4 57. Rd3 Bf5 58. Rd6+ Kh7 59. Bxg4 Bxg4 60. Rd5 Kh6 61. Rxb5 Re4 62. Nd5 h3 63. gxh3 Be2 64. Rb6+ Kg7 65. Rf5 Bc1 66. b3 Bd3 67. Rb7+ Kg6 68. Rf6+ Kg5 69. Rg7+ Kh5 70. Rf3 Re1+ 71. Kh2 Be4 72. Nf6+ Kh6 73. Nxe4 Kxg7 74. Nd6 Re2+ 75. Kg3 Rxa2 76. Nc4 a4 77. Rf1 axb3 78. Rxc1 Rc2 79. Rg1 Rxc3+ 80. Kh4+ Kh7 81. Nd6 b2 82. Rb1 Rb3 83. Nf5 Kg6 84. Nd6 Rb6 85. Ne8 Rb4+ 86. Kg3 Rb3+ 87. Kg2 Rb4 88. Nc7 Kh5 89. Nd5 Rb3 90. Ne7 Rb5 91. Nc6 Kh4 92. Nd4 Rb4 93. Nf5+ Kg5 94. Ne3 Kh4 95. Nd1 Rb3 96. Nf2 Rg3+ 97. Kf1 Rb3 98. Ke2 Rb8 99. Ke3 Rb7 100. Nd3 Rb8 101. Nxb2 Kxh3 102. Kf3 Rf8+ 103. Ke4 Rb8 104. Kd4 Kg2 105. Kc3 Kf3 106. Re1 Kf4 107. Nc4 Rc8 108. Kd4 Rd8+ 109. Kc5 Rc8+ 110. Kd5 Rd8+ 111. Nd6 Ra8 112. Re4+ Kf3 113. Re6 Ra5+ 114. Kd4 Ra8 115. Rf6+ Ke2 116. Nc4 Rd8+ 117. Ke4 Re8+ 118. Ne5 Kd2 119. Rc6 Re7 120. Kd4 Re8 121. Ra6 Rd8+ 122. Ke4 Rh8 123. Ra3 Re8 124. Rd3+ Kc2 125. Rd5 Kc3 126. Ke3 Kb4 127. Kd4 Kb3 128. Nd3 Rh8 129. Rb5+ Kc2 130. Rb2+ Kd1 131. Nf2+ Kc1 132. Nd3+ Kd1 133. Ne5 Rd8+ 134. Ke3 Kc1 135. Nc4 Rc8 136. Kd3 Rxc4 137. Kxc4 Kxb2 1/2-1/2

[Event "Oberliga Nord O 1516"]
[Site "Germany"]
[Date "2016.02.22"]
[Round "7.2"]
[White "Waldmann, Hans Joachim"]
[Black "Horn, Sven"]
[Result "1-0"]
[WhiteElo "2305"]
[BlackElo "2136"]
[PlyCount "79"]
[EventDate "2015.09.20"]
[EventType "team-tourn"]
[EventRounds "9"]
[EventCountry "GER"]
[SourceTitle "EXT 2017"]
[Source "ChessBase"]
[SourceDate "2016.10.25"]
[SourceVersion "1"]
[SourceVersionDate "2016.10.25"]
[SourceQuality "1"]
[WhiteTeam "Weisse Dame"]
[BlackTeam "Oberschoeneweide"]
[WhiteTeamCountry "GER"]
[BlackTeamCountry "GER"]

1. e4 d5 2. Nc3 d4 3. Nb1 e5 4. Bc4 Nc6 5. Nf3 a6 6. d3 h6 7. c3 Bd6 8. Nbd2 Qf6 9. Bb3 Nge7 10. h3 Ng6 11. cxd4 exd4 12. g3 0-0 13. Kf1 Na5 14. Bc2 c5 15. Kg2 Bd7 16. Nf1 Nc6 17. N1h2 Qe7 18. Bd2 f5 19. Bb3+ Kh8 20. Re1 fxe4 21. Rxe4 Qf6 22. Ng4 Qf5 23. Qe2 Nd8 24. Re1 Bc6 25. Nfh2 h5 26. f4 h4 27. Rf1 Re8 28. Nf2 hxg3 29. Qg4 Qxg4 30. hxg4 gxf2 31. Nf3 Nxf4+ 32. Bxf4 Bxe4 33. Rh1+ Bh7 34. Ng5 Ne6 35. Rxh7+ Kg8 36. Bxd6 Rad8 37. Be5 Rd7 38. Bxe6+ Rxe6 39. Nxe6 Kxh7 40. Nf8+ 1-0

[Event "Oberliga Nord O 1415"]
[Site "Germany"]
[Date "2015.03.15"]
[Round "8.2"]
[White "Waldmann, Hans Joachim"]
[Black "Rietze, Clemens"]
[Result "1/2-1/2"]
[WhiteElo "2304"]
[BlackElo "2274"]
[PlyCount "32"]
[EventDate "2014.09.21"]
[EventType "team-tourn"]
[EventRounds "9"]
[EventCountry "GER"]
[SourceTitle "EXT 2016"]
[Source "ChessBase"]
[SourceDate "2015.10.08"]
[SourceVersion "1"]
[SourceVersionDate "2015.10.08"]
[SourceQuality "1"]
[WhiteTeam "Weisse Dame"]
[BlackTeam "Potsdam USV"]
[WhiteTeamCountry "GER"]
[BlackTeamCountry "GER"]

1. c4 Nf6 2. b3 g6 3. Bb2 Bg7 4. Nf3 0-0 5. Nc3 d5 6. Nxd5 Nxd5 7. Bxg7 Kxg7 8. cxd5 Qxd5 9. Rc1 e5 10. e3 Nc6 11. Bc4 Qa5 12. Qc2 Bf5 13. Qb2 Rfd8 14. 0-0 f6 15. d4 exd4 16. Nxd4 Nxd4 1/2-1/2

[Event "Oberliga Nord O 1415"]
[Site "Germany"]
[Date "2014.10.19"]
[Round "2.2"]
[White "Bruedigam, Martin"]
[Black "Waldmann, Hans Joachim"]
[Result "1-0"]
[WhiteElo "2342"]
[BlackElo "2304"]
[PlyCount "117"]
[EventDate "2014.09.21"]
[EventType "team-tourn"]
[EventRounds "9"]
[EventCountry "GER"]
[SourceTitle "EXT 2016"]
[Source "ChessBase"]
[SourceDate "2015.10.08"]
[SourceVersion "1"]
[SourceVersionDate "2015.10.08"]
[SourceQuality "1"]
[WhiteTeam "Berlin Tegel II"]
[BlackTeam "Weisse Dame"]
[WhiteTeamCountry "GER"]
[BlackTeamCountry "GER"]

1. e4 e5 2. Nf3 d6 3. d4 exd4 4. Nxd4 g6 5. Nc3 Bg7 6. Bc4 Nf6 7. Bg5 0-0 8. Qd2 Nc6 9. Nxc6 bxc6 10. 0-0-0 Qe7 11. h4 Be6 12. Bb3 Rfe8 13. f3 Bxb3 14. axb3 Qe6 15. Kb1 a5 16. Na4 Reb8 17. e5 Qxe5 18. Rhe1 Qb5 19. Nc3 Qb4 20. Bxf6 Bxf6 21. Re4 Qc5 22. Rc4 Qb6 23. h5 d5 24. Na4 Qb5 25. Rc5 Qb7 26. Qf4 Be7 27. hxg6 hxg6 28. Rh1 Bf8 29. Qf6 Bg7 30. Qxc6 Qxc6 31. Rxc6 Be5 32. Rd1 Rd8 33. Rc5 Kg7 34. Rcxd5 Bd6 35. Nc3 Rh8 36. Ne4 Rh2 37. Nxd6 cxd6 38. R1d2 Ra6 39. c4 Kf8 40. Kc2 Ke7 41. Kc3 Rh1 42. Rd1 Rh2 43. Rg1 Kd7 44. b4 axb4+ 45. Kxb4 Kc7 46. Rd2 Rb6+ 47. Kc3 Ra6 48. Re1 Kd7 49. Rde2 Kc6 50. Rd2 Ra7 51. Red1 Rd7 52. b4 Rh5 53. c5 d5 54. Ra1 Rc7 55. Ra6+ Kb7 56. Rd6 Re7 57. R6xd5 Re3+ 58. Kc4 Rh4+ 59. Kb5 1-0

[Event "Hamburg St Pauli op-A"]
[Site "Hamburg"]
[Date "2014.07.23"]
[Round "5"]
[White "Waldmann, Hans Joachim"]
[Black "Kramer, Julian"]
[Result "1/2-1/2"]
[WhiteElo "2322"]
[BlackElo "2120"]
[PlyCount "92"]
[EventDate "2014.07.19"]
[EventType "swiss"]
[EventRounds "9"]
[EventCountry "GER"]
[SourceTitle "CBM 161 Extra"]
[Source "ChessBase"]
[SourceDate "2014.08.29"]
[SourceVersion "1"]
[SourceVersionDate "2014.08.29"]
[SourceQuality "1"]

1. d4 d5 2. Nf3 Nf6 3. Bg5 e6 4. e3 Be7 5. Bd3 0-0 6. 0-0 b6 7. Nbd2 h6 8. Bf4 Nh5 9. Ne5 Nxf4 10. exf4 Ba6 11. Bxa6 Nxa6 12. f5 exf5 13. Qf3 Bf6 14. Qxf5 Bxe5 15. dxe5 Qe7 16. Nf3 Nc5 17. Rad1 Rad8 18. Nd4 g6 19. Qf3 Qxe5 20. Nc6 Qxb2 21. Nxd8 Rxd8 22. Rxd5 Rxd5 23. Qxd5 Qxc2 24. Re1 Qc3 25. Re8+ Kg7 26. g3 Ne6 27. Ra8 a5 28. Kg2 Qc5 29. Qxc5 Nxc5 30. Ra7 Ne6 31. Kf3 Kf6 32. Ke4 Ke7 33. Ke5 h5 34. h4 f6+ 35. Kd5 Kd7 36. Ra8 Nd8 37. f3 f5 38. Ke5 Ke7 39. Kd5 Kd7 40. Ke5 Ke7 41. g4 fxg4 42. fxg4 hxg4 43. Kf4 Ne6+ 44. Kxg4 Kf6 45. Ra7 Ke5 46. Ra8 Kf6 1/2-1/2

[Event "Hamburg St Pauli op-A"]
[Site "Hamburg"]
[Date "2014.07.21"]
[Round "3"]
[White "Waldmann, Hans Joachim"]
[Black "Porth, Hartmut"]
[Result "1-0"]
[WhiteElo "2322"]
[BlackElo "2144"]
[PlyCount "61"]
[EventDate "2014.07.19"]
[EventType "swiss"]
[EventRounds "9"]
[EventCountry "GER"]
[SourceTitle "CBM 161 Extra"]
[Source "ChessBase"]
[SourceDate "2014.08.29"]
[SourceVersion "1"]
[SourceVersionDate "2014.08.29"]
[SourceQuality "1"]

1. e4 e6 2. Nf3 d5 3. e5 Nc6 4. Bb5 Bd7 5. Qe2 a6 6. Bxc6 bxc6 7. 0-0 c5 8. d3 Bc6 9. c4 d4 10. Nbd2 Qd7 11. Re1 0-0-0 12. b3 Re8 13. Ba3 f5 14. exf6 gxf6 15. Ne4 Bxe4 16. Qxe4 c6 17. Rab1 a5 18. Bc1 Bh6 19. a3 Bxc1 20. Rexc1 e5 21. Qe1 Qc7 22. b4 axb4 23. axb4 cxb4 24. Qxb4 Ne7 25. Nd2 Kd7 26. Ne4 Ke6 27. f4 Rb8 28. Qe1 Rxb1 29. Rxb1 Kf7 30. Rb7 Qd8 31. Qh4 1-0

[Event "Hamburg St Pauli op-A"]
[Site "Hamburg"]
[Date "2014.07.19"]
[Round "1"]
[White "Waldmann, Hans Joachim"]
[Black "Poghosyan, Tigran"]
[Result "1-0"]
[WhiteElo "2322"]
[BlackElo "2016"]
[PlyCount "141"]
[EventDate "2014.07.19"]
[EventType "swiss"]
[EventRounds "9"]
[EventCountry "GER"]
[SourceTitle "CBM 161 Extra"]
[Source "ChessBase"]
[SourceDate "2014.08.29"]
[SourceVersion "1"]
[SourceVersionDate "2014.08.29"]
[SourceQuality "1"]

1. d4 Nf6 2. Nf3 g6 3. Bf4 d5 4. e3 Bg7 5. Bd3 0-0 6. Nbd2 c5 7. c3 cxd4 8. exd4 Nc6 9. 0-0 Bg4 10. h3 Bxf3 11. Qxf3 Ne8 12. Rfe1 Qd7 13. Qe3 Nd6 14. Nf3 Nf5 15. Qe2 a6 16. Ne5 Nxe5 17. dxe5 Qa4 18. Qd2 e6 19. Bg5 h6 20. Bf4 Kh7 21. Bc2 Qc6 22. Rad1 Ne7 23. Qe2 Rad8 24. h4 Qc4 25. Rd4 Qxe2 26. Rxe2 Nc6 27. Rd1 d4 28. cxd4 Rxd4 29. Rxd4 Nxd4 30. Rd2 Nxc2 31. Rxc2 Rd8 32. Rc7 Rd4 33. g3 Rb4 34. b3 Kg8 35. Rc8+ Kh7 36. Rc7 Kg8 37. Kf1 g5 38. hxg5 hxg5 39. Bd2 Rb5 40. f4 gxf4 41. gxf4 Bf8 42. Ke2 Kg7 43. Be3 a5 44. Kd3 Kg6 45. Kc2 Ba3 46. Rd7 f6 47. Bd4 fxe5 48. Bxe5 Rc5+ 49. Kd3 b5 50. Rg7+ Kh5 51. Rg2 Rc1 52. Bc3 Rf1 53. Bxa5 Bc1 54. Re2 Rxf4 55. Re1 Rf2 56. Rxc1 Rxa2 57. b4 Kg6 58. Rc5 Kf6 59. Bc7 Ke7 60. Be5 Kd7 61. Rc7+ Kd8 62. Rb7 Ra4 63. Rxb5 Kd7 64. Kc4 Ra2 65. Rc5 Ra8 66. Rc7+ Kd8 67. Rh7 Rc8+ 68. Kb5 Rc1 69. Kb6 Rb1 70. b5 Rb3 71. Kc6 1-0

[Event "Oberliga Nord O 0910"]
[Site "Germany"]
[Date "2010.02.07"]
[Round "6.1"]
[White "Waldmann, Hans Joachim"]
[Black "Giemsa, Stephan"]
[Result "1-0"]
[WhiteElo "2328"]
[BlackElo "2305"]
[PlyCount "95"]
[EventDate "2009.10.18"]
[EventType "team-tourn"]
[EventRounds "9"]
[EventCountry "GER"]
[SourceTitle "EXT 2011"]
[Source "ChessBase"]
[SourceDate "2010.11.26"]
[SourceVersion "1"]
[SourceVersionDate "2010.11.26"]
[SourceQuality "1"]
[WhiteTeam "Weisse Dame"]
[BlackTeam "Koenig Tegel"]
[WhiteTeamCountry "GER"]
[BlackTeamCountry "GER"]

1. c4 Nf6 2. Nc3 d5 3. cxd5 Nxd5 4. Qb3 Nb6 5. Nf3 Nc6 6. g3 e5 7. Bg2 Be6 8. Qc2 Be7 9. 0-0 0-0 10. b3 f5 11. Bb2 Bf6 12. d3 Nd4 13. Nxd4 exd4 14. Nb5 c6 15. Na3 Nd5 16. Qc1 Rc8 17. Nc2 c5 18. e3 b6 19. exd4 cxd4 20. Qe1 Nc7 21. Rc1 Re8 22. Qd2 Nb5 23. Rfe1 Nc3 24. Bxc3 dxc3 25. Qd1 Qd6 26. Qf3 b5 27. Qb7 Qd7 28. Rxe6 Qxd3 29. Qd5 Qxd5 30. Bxd5 Kf8 31. Rxe8+ Rxe8 32. Re1 Rd8 33. Rd1 a5 34. Bf3 Rxd1+ 35. Bxd1 b4 36. Kf1 Ke7 37. Ne3 Ke6 38. Ke2 Bd8 39. Kd3 g5 40. Nc2 Bb6 41. f3 Bg1 42. h3 Bh2 43. Nd4+ Ke5 44. f4+ Kd5 45. fxg5 Bxg3 46. Nxf5 Bf4 47. Ne3+ Kc5 48. h4 1-0

[Event "Vienna op 16th"]
[Site "Vienna"]
[Date "2009.08.15"]
[Round "1"]
[White "Waldmann, Hans Joachim"]
[Black "Langwieser, Alexander"]
[Result "1-0"]
[WhiteElo "2324"]
[BlackElo "2049"]
[PlyCount "81"]
[EventDate "2009.08.15"]
[EventType "swiss"]
[EventRounds "9"]
[EventCountry "AUT"]
[SourceTitle "CBM 131 Extra"]
[Source "ChessBase"]
[SourceDate "2009.09.03"]
[SourceVersion "2"]
[SourceVersionDate "2009.09.16"]
[SourceQuality "1"]

1. e4 c6 2. Nc3 d5 3. Qf3 e6 4. e5 b6 5. d3 f6 6. Bf4 Nd7 7. d4 Bb4 8. Qg3 Qe7 9. a3 fxe5 10. dxe5 Bxc3+ 11. Qxc3 Bb7 12. Nf3 h6 13. Bd3 Qf7 14. Bg3 Ne7 15. Nd4 Nc5 16. Be2 Nf5 17. 0-0 0-0 18. Nxf5 Qxf5 19. b3 Ne4 20. Qe3 Nxg3 21. Qxg3 Qf4 22. Bd3 Qxg3 23. hxg3 g5 24. g4 Rf4 25. g3 Rf3 26. Kg2 Rf7 27. f4 c5 28. Kh3 gxf4 29. gxf4 Kh8 30. Bg6 Rg7 31. f5 d4 32. Rac1 Rd8 33. Kh4 b5 34. Kh5 d3 35. f6 Rxg6 36. Kxg6 Kg8 37. cxd3 Rxd3 38. f7+ Kf8 39. Rcd1 Be4+ 40. Kf6 c4 41. bxc4 1-0